Czy rozpoznasz postacie z serii Wiedźmin po opisie? - Statystyki

Ogólne statystyki
  • Ten quiz został rozwiązany 453 razy
  • Średni wynik to 12 z 22
Statystyki odpowiedzi
Opis Postać % Poprawnych
Wiedźmin, główny bohater powieści i opowiadań Andrzeja Sapkowskiego Geralt z Rivii
85%
Była jedynym dzieckiem króla Dagorada i królowej Adalii. Królowa Cintry i Skellige, żona Roegnera, matka Pavetty i babka słynnego Lwiątka – Ciri Calanthe
83%
Królewna Temerska,była siostrą króla Temerii Foltesta, który miał z nią romans. Adda
81%
Poeta, skald, znakomity muzyk, wierny druh i przyjaciel Wiedźmina, zawołany uwodziciel . Jaskier
78%
Wiedźmin, niezbyt sympatyczny, mimo to przyjaźnił się z Geraltem. Lambert
75%
Druid, przyjaźnił się z władcą Skellige, Branem, został nauczycielem Pavetty, dzięki niemu nauczyła się panować nad swa mocą, przyjaciel Geralta. Myszowór
74%
Czarodziejka, kochanka Geralta, kobieta dość władcza i kapryśna, niemniej jednak kochająca Wiedźmina, jakkolwiek należy przyznać, że ich związek nie należał do najłatwiejszych. Yennefer
70%
Córka Calanthe, matka Ciri, kobieta o wyjątkowej urodzie, zginęła w katastrofie okrętu. Pavetta
69%
Podróżuje w obstawie dwóch Zerrikanek, znakomicie wyszkolonych wojowniczek, sam nie nosząc broni Borch Trzy Kawki
66%
Magiczka, zasiadała w Loży Czarodziejek, szczupła, gibka, o kasztanowych włosach. Triss Merigold
62%
Kapłanka, przełożona w świątyni Melitle w Ellander, zażywna, mądra, wrażliwa na cierpienie innych, często wchodziła w konflikty z Yennefer. Nenneke
59%
Był królem Aedirn, synem Virfurila. Jego siedziba znajdowała się w Vengerbergu. Demawend
55%
Pochodził z Roggeveen, członek kapituły, wsławił się swym bohaterstwem bitwie pod Sodden, gdzie to znakomicie dowodził magami walczącymi po stronie Nordlingów. Vilgefortz
50%
Był cyrulikiem i jednym z 1200 wampirów wyższych, miał 428 lat według ludzkiej rachuby czasu, zaś 642 lata według rachuby elfów. Emiel Regis
49%
Był krasnoludem, przywódcą grupy nieludzi w skład której wchodził m.in. Percival Schuttenbach. Zoltan Chivay
48%
Miał zostać czarodziejem, ale nie wykazał wiele zdolności w dziedzinie magii, człowiek od mokrej roboty na usługach Vilgefortza. Rience
41%
Stokrotka z Dolin to królowa wolnych elfów z Dol Blathanna. Francesca Findabair
35%
Truwerka, bliska znajoma Jaskra - byli dla siebie jak brat i siostra, poeta nazywał ją zwykle Pacynką. Oczko
28%
Czarodziejka, pochodziła z Carreras, zasiadała w Loży Czarodziejek. Keira Metz
27%
Samotnica z Koviru, magiczka, zasiadała w Loży Czarodziejek, dość niechętnie udzielała się zarówno towarzysko, jak i na niwie zawodowej. Sheala de Tancarville
21%
To elf, legendarny przywódca Scoia'tael. Utracił swą elfią urodę, gdyż jego twarz szpeciła wielka blizna, nadająca mu przerażającego i drapieżnego wyglądu. Współpracował z Nilfgaardczykami został wysłany na wyspę Thanedd razem ze swoim komandem, by pomóc Cahirowi pojmać Ciri. Isengrim Faoiltiarna
11%
Był królem Kaedwen. Pan na Ard Carraigh był władcą zachłannym, potężnej postury, brodaty, o sporym, piwnym brzuchu. Henselt z Kaedwen
6%
Nie znaleziono quizów pasujących do podanych kryteriów
Rozkład punktacji
Procent ludzi z każdym wynikiem
Percentyl według liczby udzielonych odpowiedzi
Twoja historia wyników
Nie rozwiązałeś tego quizu